Bullying, un golpe a la educación chilena, mirada desde el trabajo social /

La aproximación al tema de la violencia entre escolares, nos lleva a introducirnos en las dinámicas generadas entre los estudiantes en el cotidiano del espacio educativo. Existen variados estudios que han investigado acerca de la violencia que se genera en los colegios entre los estudiantes, aún no...

Descripción completa

Detalles Bibliográficos
Autor principal: Brown Ortega, Stefanny
Otros Autores: Espinoza Tranamil, María de los Angeles, Ureta Bernal, Mauricio (profesor guía)
Formato: Tesis
Lenguaje:español
Publicado: Santiago, Chile Universidad Academia de Humanismo Cristiano 2011
Materias:
Acceso en línea:Disponible en línea (PDF). Biblioteca Digital UAHC

MARC

LEADER 00000nmm a2200000 a 4500
001 048697
003 UAHC_CL
005 20210909180349.0
008 110531s2011 cl 000 spa
952 |0 0  |1 0  |4 0  |6 TTRASO_326_000000000000000  |7 0  |8 BAS  |9 87294  |a BC  |b BC  |c Referencia  |d 2017-08-03  |l 0  |o TTRASO 326  |p 1383629  |r 2019-01-02 00:00:00  |t 1  |w 2017-08-03  |y TS 
999 |c 48697  |d 48697 
040 |a UAHC_CL  |c UAHC_CL  |d UAHC_CL 
100 1 |a Brown Ortega, Stefanny 
245 1 0 |a Bullying, un golpe a la educación chilena, mirada desde el trabajo social /  |c Stefanny Brown, María de los Angeles Espinoza, profesor guía Mauricio Ureta. 
260 |c 2011  |b Universidad Academia de Humanismo Cristiano  |a Santiago, Chile 
300 |a 1 cd rom 
500 |a Tesis para optar al título de Asistente Social y al grado de Licenciado en Trabajo Social. 
502 |a Tesis (Asistente Social) -Universidad Academia de Humanismo Cristiano, 2009. 
516 |a Tesis electrónica (PDF) 
520 |a La aproximación al tema de la violencia entre escolares, nos lleva a introducirnos en las dinámicas generadas entre los estudiantes en el cotidiano del espacio educativo. Existen variados estudios que han investigado acerca de la violencia que se genera en los colegios entre los estudiantes, aún no existe una política concreta que aborde esta problemática, que aunque reconocida no ha sido abordada por medio de programas generales para todos los establecimientos educacionales, es así como nos encontramos frente a un fenómeno que más que disminuir se va validando entre los escolares y constituye una forma de relación normalizada y poco cuestionada entre los estudiantes. Hasta hace unos años, existían pocos estudios sobre el bullying en Chile, pero la contingencia ha hecho que las autoridades realicen investigaciones sobre el tema, abordando los distintos tipos de violencia que se vive en las escuelas. 
650 4 |a Bullying 
650 4 |a VIOLENCIA ESCOLAR 
653 |a TRABAJO SOCIAL 
700 1 |a Espinoza Tranamil, María de los Angeles 
700 1 |a Ureta Bernal, Mauricio  |e profesor guía 
856 |u http://bibliotecadigital.academia.cl/xmlui/handle/123456789/2410  |y Disponible en línea (PDF). Biblioteca Digital UAHC 
900 |a TTRASO 326 
942 |c TS